000 00655nam a2200193 a 4500
001 000042822
005 20201002040425.0
008 140210s1992 sp r 000 0 spa d
020 _a847969291X
040 _aDO-SdBNP
_bspa
_cBNPHU
082 _axxxx
_bxxxx
100 1 _aVillars, Montfaucon de
_970183
245 1 0 _aColoquios sobre las ciencias ocultas /
_cMontfaucon de Villars ; traducción Ernesto Posse.
260 _aMadrid :
_bCompañía Europea de Comunicación e Información,
_c1992.
300 _a94 p. ;
_c19 cm.
490 1 _aBiblioteca de el sol
_v259
700 1 2 _aPosse, Ernesto,
_etr.
_970184
830 0 _aBiblioteca de el sol
_n259
_970185
999 _c42311
_d42311